[Event "Moscow Aeroflot op-A 14th"]
[Site "Moscow"]
[Date "2015.04.02"]
[Round "7"]
[White "Adhiban, Baskaran"]
[Black "Bukavshin, Ivan"]
[Result "0-1"]
[WhiteElo "2646"]
[BlackElo "2618"]
[Annotator "Adhiban,B"]
[PlyCount "90"]
[EventDate "2015.03.27"]
[EventType "swiss"]
[EventRounds "9"]
[EventCountry "RUS"]
[SourceTitle "CBM 166"]
[Source "ChessBase"]
[SourceDate "2015.05.11"]
[SourceVersion "1"]
[SourceVersionDate "2015.05.11"]
[SourceQuality "1"]

{This game was quite important, Since I was sharing the second spot and was
very optimistic of fighting for the first place but little did I know that
this game could also turn out to the opposite of my thoughts!} 1. d4 d5 2. c4
e6 3. Nc3 c6 4. e4 {I really don't know what this variation is called! The
Marshall's Slav Triangle Gambit system? :)} dxe4 5. Nxe4 Bb4+ 6. Bd2 Qxd4 7.
Bxb4 Qxe4+ 8. Be2 a5 $5 {A new idea!} 9. Bc3 (9. Bf8 {doesn't work here.} Qxg2
10. Bf3 Qg5) (9. Bd6 $5 {was the other interesting try.}) 9... Ne7 10. Nf3 O-O
11. O-O f6 12. Re1 Qf4 {Taking her majesty out of the trouble and the nasty
threats.} (12... e5 {I was mainly expecting this.} 13. Bd3 Qg4 14. Re4 Qd7 (
14... Qe6 {allows} 15. Nxe5 fxe5 16. Rxe5 Qf7 17. Rxe7 $3 Qxe7 18. Qh5 {
A clear domination by the two bishops!} g6 19. Bxg6 {[%cal Ga1e1] with an
unstoppable attack!}) 15. Nxe5 $1 fxe5 16. Rxe5 Rf7 17. Qe2 c5 18. Rd1 $1 Qc7
19. Rxe7 Qxe7 (19... Rxe7 20. Qh5 $18) 20. Qh5 g6 21. Bxg6 Nc6 22. Re1 Qxe1+
23. Bxe1 hxg6 24. Qxg6+ Kf8 25. f3 $16 {with an interesting imbalance, but the
open position of the king and the possibility of combining an attack on the
dark squares and advancing the pawns give White a considerable advantage.}) 13.
Bd3 c5 $1 {Taking control of several important squares and preparing ...Nc6,
my opponent was still playing fast! Maybe he was still in his prep?} 14. Qc2 h6
15. Re3 $5 Nf5 (15... Nbc6 {Here I had an interesting idea} 16. Ne5 $1 {
The black queen is in trouble.} Nd4 (16... Nxe5 17. Bxe5 fxe5 18. Rf3 $16) 17.
Bxd4 cxd4 18. Rd1 $1 $44 {looks spectacular with a huge mess.} (18. Re4 Qg5 19.
Nf3 Qc5 $11)) 16. Bxf5 Qxf5 17. Qd1 $6 {Too ambitious.} ({It was high time to
go into defensive mode.} 17. Qxf5 exf5 18. Rd1 {and White had decent chances
of survival.}) (17. Qe2 Qh5 $1 {I wasn't sure how to continue here while
Black's plan is quite clear (e5-Nc6).} (17... e5 18. Nxe5 fxe5 19. Rxe5 Qg4 20.
f3 Qg6 21. Re7 Rf7 22. Re8+ Rf8 23. Re7 $11)) 17... e5 $1 {Preventing all
sorts of tricks!} (17... Nc6 18. Nh4 $1 Qg5 19. Rg3 $1 {was my idea.} Qxh4 20.
Rg4 {[%csl Rh4] winning the queen.}) 18. Qd5+ Qe6 19. Qxc5 b6 20. Qd5 Qxd5 21.
cxd5 {I thought this must be easy to defend but his f6-e5 pawns really
restrict my pieces.} Rd8 {[%csl Rd5]} 22. Rd1 Ra7 $5 23. Nxe5 (23. d6 Nc6 $17)
23... fxe5 24. Bxe5 Nc6 $1 {I had understimated this resource - now I don't
get the compensation I was hoping for, One of my friends even texted me, Why
on earth 23.Ne5? For which I had no answer :).} 25. f4 Nxe5 26. fxe5 Be6 27. d6
Rc8 28. h4 {Preparing Rg3-g6 which seemed like the only way to dislodge the
bishop.} Rf7 ({Also sufficient is} 28... Rc4) 29. Rd2 Rf4 30. Rc3 Rxc3 31. bxc3
Rf8 {The rest is easy, I am not able to create any fortress.} 32. a4 $6 {
Only adds to the trouble.} (32. Rb2 Rb8 33. Kf2 {was more tenacious.}) 32...
Rb8 33. Kf2 Kf7 34. Ke3 Ke8 35. Kd4 Rc8 36. Rb2 Rc4+ 37. Kd3 Rc6 38. g4 Bxg4
39. Rg2 h5 40. Kd4 Kd7 41. Rg1 (41. Rf2 Be6) 41... g6 42. Rg2 Bf5 43. Rg1 Rc5
44. Rg2 Ke6 45. Re2 Rd5+ 0-1

[Event "Nakhchivan op"]
[Site "Nakhchivan"]
[Date "2015.05.05"]
[Round "2"]
[White "Adhiban, Baskaran"]
[Black "Sibashvili, Giorgi"]
[Result "0-1"]
[WhiteElo "2636"]
[BlackElo "2361"]
[Annotator "Adhiban,B"]
[PlyCount "78"]
[EventDate "2015.05.02"]
[EventType "swiss"]
[EventRounds "9"]
[EventCountry "AZE"]
[SourceTitle "CBM 167"]
[Source "ChessBase"]
[SourceDate "2015.07.13"]
[SourceVersion "1"]
[SourceVersionDate "2015.07.13"]
[SourceQuality "1"]

{I drew my first game which happens sometimes. But this game and the next one
ended badly for me allowing me to reach a personal 'best' of (0.5/3) beating
my previous record (0/2) which was achieved in Qatar Masters 2014 :).} 1. Nf3
d5 2. d4 Nf6 3. c4 c6 4. Nc3 dxc4 5. a4 e6 {For all players who are preparing
to play against Georgian players and happen to look at this game (by sheer
coincidence). I send this message that this is the Georgian national opening :)
.} 6. e4 Bb4 7. e5 Nd5 8. Bd2 b5 9. axb5 ({My friend Abhijeet Gupta (the only
other Indian playing in the event :)) faced the same line on that day but
cunningly he chose} 9. h4 $5 {and won :).}) 9... Bxc3 10. bxc3 cxb5 11. Ng5 Nc6
12. Qh5 Qe7 13. Be2 b4 14. O-O bxc3 15. Bc1 Nxd4 16. Bxc4 h6 17. Rd1 Nc2 18.
Ra5 {So far we are still following my game against El Debs from Gibraltar 2014.
} Ncb4 (18... O-O 19. Ne4 f5 20. exf6 Nxf6 21. Qe2 {and I was better in 
(Adhiban-El Debs 2014).}) 19. Ne4 O-O 20. Bg5 $5 $146 {I had prepared this
novelty for that game and hence confidently played it!} f6 {My opponent played
this pretty fast and it was only now I that realised that he was prepared for
this line.} 21. Nxf6+ Nxf6 (21... gxf6 22. exf6) 22. exf6 Qf7 $1 {This is the
remarkable point which would have been quite difficult to find (or play)
before the computer era. Nowadays it has become part of daily life.} 23. fxg7
Qxh5 24. gxf8=Q+ Kxf8 25. Be7+ Kxe7 26. Rxh5 {Now that the mess has cleared,
it is time to take stock. White is a exchange up but only Black can play for a
win due to the strong passed pawns which are also protected.} c2 27. Rc1 Bd7 (
27... a5 28. Rh4) 28. Rh4 $1 {Preparing the defensive setup I had in mind.} (
28. Rxh6 a5 {and White will face an uphill struggle to hold the draw (I am
saying this from first-hand experience!).}) 28... a5 29. Kf1 {The start of a
wrong plan, the basic rule that king should fight in endgames falls short here.
} (29. Re4 Rc8 30. f4 {This was the main setup: White holds his position
together and Black is not able to proceed further.} Rc5 (30... Kd6 31. g4 {
with similar intentions.}) 31. g4 {with a defensive construction.}) 29... Rd8
30. Bb3 $2 {This was the real culprit!} (30. Re4 Ba4 (30... a4) 31. Rxe6+ Kf8
32. Ree1 Rd4 33. Be2 Na2 34. Ra1 Bb3 35. f3 Rd5 36. Kf2 Rc5 37. Rec1 Nxc1 38.
Rxc1 a4 39. Bd3 a3 40. Ke3 a2 41. Kd2 Ke7 42. g4 Kd6 {Here only the presence
of the h6-pawn is felt.}) (30. Rxh6 $1 {was probably the best chance.} Ba4 31.
Rxe6+ Kf8 32. Ree1 (32. Re4) 32... Rd4 33. Be2 Na2 34. Ra1 Bb3 35. f3 a4 36.
Kf2 {and comp says White can save this position.}) 30... Bb5+ 31. Ke1 Nd3+ 32.
Kd2 {I was under the impression that I was just in time to hold my position
together.} a4 $1 {A cool move implying the golden rule" The threat is better
than execution". White's defence falls apart.} (32... Nxc1+ 33. Kxc1 Bd3 {
with the same idea as in the game but much less effective here.} 34. Ra4 $1 {
This is the difference to the game (refer to the game position after 34...Bd3).
} Bf5 35. Bxc2 Rc8 36. Ra2 {The following endgame was a lot of fun to analyse
during the game.} Kd6 37. Kd2 {But White needn't commit his pawns yet.} (37. g4
Bxg4 (37... Bxc2 38. Rxc2 Rxc2+ 39. Kxc2 Ke5 40. h4 Kf4 41. f3 e5 42. Kb3 e4
43. g5 (43. fxe4 Kxg4 44. Kc4 $1 (44. Ka4 Kxh4 (44... Kf4 45. Kxa5 Kxe4 46. Kb4
Kf3 47. Kc3 Kg3 48. Kd2 Kxh4 49. Ke1 Kg3 50. Kf1) 45. Kxa5 Kg5 46. Kb4 Kf4 (
46... h5 {would allow a draw after} 47. Kc5 $1) 47. e5 Kxe5 48. Kc3 Kf4 $19) (
44. e5 Kf5 45. Ka4 Kxe5 46. Kxa5 Kf4 47. Kb4 Kg4 48. Kc3 Kxh4 49. Kd2 Kg3 50.
Ke1 Kg2 {and Black wins.}) 44... Kxh4 45. e5 Kg5 46. Kc5 {and White achieves a
draw.}) 43... hxg5 44. hxg5 exf3 45. g6 f2 46. g7 f1=Q 47. g8=Q {with a drawn
queen endgame.}) 38. Rxa5 Bf5 39. Ra2 Ke5 40. Kd2 Rxc2+ 41. Rxc2 Bxc2 42. Kxc2
Ke4 43. Kc3 {I assumed this was a draw but...} (43. Kd2 Kf3) 43... h5 $1 $19 {
Black brings his h-pawn closer to promotion and wins.} (43... Kf3 44. Kd4 Kxf2
45. Ke5 Kg2 46. Kxe6 Kxh2 47. Kf5 $11)) 37... Bxc2 38. Rxc2 Rxc2+ 39. Kxc2 Kd5
40. Kb3 Ke4 41. Ka4 Kd3 42. h4 e5 $1 {The only move to gain a draw.} 43. Kxa5 (
43. g4 Ke4 $11) 43... Ke2 44. g4 Kxf2 45. g5 hxg5 46. hxg5 e4 $11) 33. Ba2
Nxc1+ 34. Kxc1 Bd3 $1 {One of the pawns will reach its final destination :).}
35. Bc4 Bf5 36. Be2 Rb8 37. Kd2 a3 38. Rc4 a2 39. Ra4 Rb1 {An amusing defeat!
Since I did manage to use my novelty but it wasn't enough. Not all roads lead
to Rome :(.} 0-1

[Event "Bratto op 25th"]
[Site "Bratto"]
[Date "2005.08.26"]
[Round "7"]
[White "Atalik, Suat"]
[Black "Khenkin, Igor"]
[Result "1/2-1/2"]
[WhiteElo "2561"]
[BlackElo "2610"]
[Annotator "Atalik,S"]
[PlyCount "29"]
[EventDate "2005.08.20"]
[EventType "swiss"]
[EventRounds "9"]
[EventCountry "ITA"]
[SourceTitle "CBM 108 Extra"]
[Source "ChessBase"]
[SourceDate "2005.11.04"]
[SourceVersion "1"]
[SourceVersionDate "2005.11.04"]
[SourceQuality "1"]

1. d4 d5 2. c4 e6 3. Nc3 c6 4. e4 dxe4 5. Nxe4 Bb4+ 6. Bd2 Qxd4 7. Bxb4 Qxe4+
8. Ne2 $5 {Probably this is inferior} ({to} 8. Be2 $142 $13 {but the verdict
changes all the time.}) 8... Na6 9. Bf8 Ne7 (9... Qe5 10. Qd2 $44) 10. Bxg7 Rg8
$1 {Igor knows his positions.} (10... Nb4 11. Qd6 $3 $40) 11. Qd4 Qxd4 12. Bxd4
c5 13. Bc3 Nb4 14. Bxb4 cxb4 15. Nd4 {All of a sudden I have realized that
only black could be better here and I have offered a draw.} (15. Nd4 Nc6 $1 {
This made me awaken from the castles I was building up in Spain.} ({For some
reason before the game I have only looked at} 15... Bd7 $6 16. O-O-O O-O-O 17.
g3 Bc6 18. Nxc6 Rxd1+ 19. Kxd1 Nxc6 20. Bd3 $14) 16. Nxc6 bxc6 17. g3 Bb7 18.
Bg2 O-O-O 19. Rd1 Rxd1+ 20. Kxd1 c5 21. Bxb7+ Kxb7 $15) (15. g3 $6 {does not
improve white's chances at all.} Bd7 16. Bg2 Rc8 $1 $17) 1/2-1/2

[Event "Nova Gorica op-A 08th"]
[Site "Nova Gorica"]
[Date "2003.02.03"]
[Round "5"]
[White "Atalik, Suat"]
[Black "Pavasovic, Dusko"]
[Result "1/2-1/2"]
[WhiteElo "2581"]
[BlackElo "2573"]
[Annotator "Atalik,S"]
[PlyCount "119"]
[EventDate "2003.01.31"]
[EventType "swiss"]
[EventRounds "9"]
[EventCountry "SLO"]
[SourceTitle "EXT 2004"]
[Source "ChessBase"]
[SourceDate "2003.11.25"]
[SourceVersion "1"]
[SourceVersionDate "2003.11.25"]
[SourceQuality "1"]

1. d4 d5 2. c4 e6 3. Nc3 c6 4. e4 {Marschall's Gambit.It is a very
straightforward way to deal with black's set up.However its forcing nature
gives black a lot of oppurtunities too.} dxe4 5. Nxe4 Bb4+ 6. Bd2 Qxd4 7. Bxb4
Qxe4+ 8. Be2 Na6 {One of many lines.} 9. Ba5 $5 {This response to 8...Na6 is
Van Wely's choice therefore I have also adopted it.} b6 10. Qd6 {The most
challenging move.} (10. Bc3 f6 11. Nf3 $44) 10... Bd7 11. Bc3 f6 12. O-O-O {
The regular move.} O-O-O 13. Qa3 $146 {A good novelty.What Loek has played
againt Shirov was way too slow.} (13. b3 $2 Qxg2 14. Bf3 Qg5+ 15. Kb2 Qc5 16.
Qg3 Ne7 17. Qxg7 Nf5 18. Qxf6 Rhf8 19. Qg5 Qxf2+ 20. Rd2 Qe3 $17 {Van
Wely-Shirov,Monaco(rapid) 2002.}) 13... Kb7 14. Bf3 Qf4+ 15. Rd2 Qc7 $1 {
A good move which I could not spot out in my preparation.} 16. Ne2 {It is very
iffy if I need this move.} e5 17. Ng3 $2 {From this point on I was cruising on
the wrong plan.} (17. Rhd1 Nh6 18. Bxe5 $2 {About this I was pondering for a
very long time.} (18. Qe7 $2 Bg4) (18. Ng3 Bg4 (18... Nf7 19. b4 (19. Ne4 Be6
20. Nd6+ Nxd6 21. Rxd6 Rxd6 22. Rxd6 Bd7 $17 {and white has nothing for the
pawn.}) 19... Ng5 20. b5 Nb8 21. Bb4 Nxf3 22. Qxf3 Be6 23. Ne4 Rxd2 24. Rxd2
Ka8 25. Nd6 Rd8 26. Kb1 $44) 19. Bxg4 Nxg4 20. Ne4 Rxd2 21. Rxd2 Rd8 22. h3 Nh6
23. Nd6+ Kb8 24. Ne4 $11) 18... fxe5 19. Nc3 e4 (19... Nf5 20. Nb5 Qc8 21. Be4
Kb8 22. Bxf5 Bxf5 23. Qe7 Rd7 24. Qxe5+ Ka8 25. Nd6 Rxd6 26. Qxd6 Nc5 27. f3
Re8 $15) 20. Bxe4 Bc8 (20... Nf7 21. g3 Rhe8 22. Nb5 Qc8 23. Qf3 Be6 24. Rxd8
Rxd8 25. Rxd8 Qxd8 26. Bxc6+ Kb8 27. Qf4+ Nc7 28. Bg2 Qg5 $17) 21. Nb5 Qf4 22.
g3 Qxe4 23. Rd7+ Ka8 24. Nc3 Qxc4 25. Rxd8 Rxd8 26. Rxd8 Qf1+ 27. Nd1 Kb7 $17)
17... Nh6 18. Ne4 Nf7 19. c5 {To implant a pawn on d6 was the consequence of
my previous moves.} (19. Rhd1 $6 Be6 20. c5 Bd5 21. Rxd5 Rxd5 22. Rxd5 cxd5 23.
Nxf6 Nxc5 $1 24. Nxd5 Qd8 25. Ne3+ e4 26. Be2 Qh4 $19) 19... Bf5 {The other
bishops sorty is also good.} (19... Be6 20. Nd6+ Nxd6 21. cxd6 Qd7 22. b4 Nb8
23. b5 Kc8 24. bxc6 Nxc6 25. Kb2 Kb8 26. Rc1 Rc8 $15) 20. Nd6+ Nxd6 21. cxd6
Qd7 22. b4 Nb8 23. b5 {Draw offer.} e4 24. bxc6+ (24. Be2 $6 cxb5 25. Qb3 a6
$17) 24... Qxc6 25. Be2 Nd7 26. Ba6+ Kb8 27. Qb4 Qc5 $2 {This gives white
chances to consolidate.} (27... Nc5 28. Bb5 Qb7 $17) 28. a3 $1 Rhe8 29. Kb2
Qxb4+ 30. axb4 Ne5 $2 {This is was mistake due to things which might have
happened on the c line.} (30... e3 31. fxe3 Rxe3 $15) 31. Rd5 (31. Bxe5 Rxe5 (
31... fxe5 32. Rc1 Rf8) 32. Rc1 Bd7 (32... Bc8 $2 33. Rxc8+ $1 {This was what
I had missed.} Rxc8 34. d7 Rd8 35. Rc2 $18) 33. Rc7 $44) 31... Be6 32. Rd4 Bc8
33. Be2 Bb7 34. Rhd1 Rd7 35. b5 Nd3+ $1 36. Bxd3 exd3 37. R4xd3 {The right
strategy.} (37. f3 $2 Re5 $17) 37... Bxg2 38. Kb3 Re6 39. Kb4 Re4+ 40. Kb3 $1 {
The right defence,otherwise white would run into a hopeless rook endings.} (40.
Rd4 Rxd6 41. Rxe4 Rxd1 42. Re8+ Kc7 43. Rg8 Rd7 44. Bxf6 gxf6 45. Rxg2 Kd6 $17)
40... Re6 (40... Rh4 41. Re1 Rxh2 42. Re7 Kc8 43. Re8+ Kb7 44. Re7 $11) 41. Kb4
g5 42. f3 $11 {I believe now I have reached the equality.} h5 43. R1d2 Bh3 44.
f4 Bf1 (44... Re4+ 45. Rd4 Rxf4 46. Rxf4 gxf4 47. Bxf6 f3 48. Rc2 Rf7 49. Be5
Bd7 50. Bg3 $11) 45. f5 Re4+ 46. Rd4 Rxd4+ 47. Bxd4 Bh3 48. Bxf6 Bxf5 {Draw
offer.} 49. Bxg5 {Now white looks like having a better game but black has
enough ressources to stay in the game.} Rg7 50. h4 Kc8 51. Rf2 Rf7 52. Ra2 Kb7
53. Be7 Be6 54. Rc2 Rf4+ 55. Ka3 Rf3+ 56. Kb2 Rd3 57. Rc7+ Kb8 58. Kc2 Rd5 59.
Kc3 Rc5+ 60. Rxc5 (60. Rxc5 bxc5 $11) 1/2-1/2

[Event "GRE-chT 30th"]
[Site "Athens"]
[Date "2001.07.09"]
[Round "3"]
[White "Atalik, Suat"]
[Black "Gelashvili, Tamaz"]
[Result "1/2-1/2"]
[WhiteElo "2532"]
[BlackElo "2506"]
[Annotator "Atalik,S"]
[PlyCount "41"]
[EventDate "2001.07.07"]
[EventType "team"]
[EventRounds "9"]
[EventCountry "GRE"]
[SourceTitle "EXT 2003"]
[Source "ChessBase"]
[SourceDate "2002.11.25"]
[SourceVersion "1"]
[SourceVersionDate "2002.11.25"]
[SourceQuality "1"]

1. d4 d5 2. c4 e6 3. Nf3 c6 4. Nc3 dxc4 5. Bg5 {An interesting possibility
avoiding the notorious Noteboom.} Qc7 6. g3 b5 (6... Nf6 7. Bg2 Nd5 {is an
interesting follow up.}) 7. a4 Bb4 8. Bg2 Bb7 9. O-O a6 10. Ne4 Ne7 11. b3 $6 {
Seemingly I was not accustomed with the set up.White could get some serious
edge.} (11. Bf4 $1 Qd8 (11... Qb6 $2 12. Bd6 $1) 12. Nc5 (12. Bd2 Bxd2 13. Qxd2
O-O 14. Nc5 Bc8 15. Rfd1 $44) 12... Qc8 (12... Bxc5 13. dxc5 Qxd1 (13... Nd7
14. Bd6) 14. Rfxd1 Nd7 15. axb5 (15. Bd6 Nf5) 15... cxb5 16. Rxd7 Kxd7 17. Ne5+
Kc8 18. c6 Nxc6 19. Nxc6 $16) 13. Ng5 $40) 11... cxb3 (11... c3 $6 12. Bxe7
Qxe7 13. Qd3) 12. Bf4 Qd8 13. Qxb3 Nd5 {Here I have spent precious amount of
time for the queen sac.} 14. Bd2 (14. axb5 cxb5 15. Qxb4 Nxb4 16. Nd6+ Kd7 $1 {
this seems to win.} (16... Kf8 $2 17. Nxb7 Qb6 18. Bd6+ Kg8 19. Bxb4 Nc6 20.
Bd2 $16) ({Even} 16... Qxd6 $5 {leads to a normal game for black.} 17. Bxd6 Nd5
18. Rfc1 $1 (18. e4 Nc3 (18... Nf6 19. Nd2)) (18. Ne5 Nc6) 18... Nc6 19. e4 Nf6
20. d5 $5 exd5 21. exd5 Nxd5 22. Nd2 Nd8 23. Ne4 $44) 17. Nxb7 (17. Nxf7 Qb6
18. Nxh8 N8c6 $19) (17. Ne5+ Kxd6 18. Bxb7 Ke7 19. Bxa8 Qxd4 $19) 17... Qb6 18.
Ne5+ Ke7 19. Nxf7 Kxf7 20. Nd6+ Ke7 21. Bxa8 N8c6 $19) 14... Bxd2 $5 ({I was
expecting} 14... Be7 15. Ne5 (15. axb5 cxb5 16. Ba5 Qc8 17. Rfc1 Nc6 $13) (15.
Rfc1 Nd7) 15... Nd7 16. Nxd7 Qxd7 17. Nc5 Bxc5 18. dxc5 $44) 15. Nfxd2 O-O 16.
Nc5 Bc8 17. Rfc1 (17. e4 Nb6 18. Qe3 N8d7) 17... Ra7 $1 (17... Nd7 18. axb5
cxb5 19. Nxe6 fxe6 20. Bxd5) 18. e3 Nb6 19. Nde4 Qe7 $1 {All of a sudden black
threatens the freeing e5 thrust.} 20. f4 Rd8 21. Bf1 $44 (21. Bf1 {A possible
line is} N8d7 22. a5 Nxc5 23. Nxc5 Nd7 24. Bg2 Rc7) 1/2-1/2